000 00692nam a22002411 4500
001 52483
003 BD-RJUL
005 20211209075820.0
008 160921s1983 bg b 000 0 eng d
035 _aBD-RjUL52603
040 _aBD-RjUL
_beng
_cBD-RjUL
041 _aeng
082 _223
_a354.5492
_bPAF 1983
100 1 _aPatwary, S. U.
_9156977
245 1 0 _aFinancial administration in Bangladesh /
_cS.U. Patwary
250 _a1st edi.
260 _aDhaka :
_bDipika,
_c1983
300 _a135 p ;
_c23 cm
504 _a"List of budget and allied documents": p. [121]-122
650 0 _aFinance, Public
_zBangladesh
_9156978
942 _2ddc
_cBK
_01
999 _c52483
_d52483